000 00387pab a2200145 454500
008 180718b1990 xxu||||| |||| 00| 0 eng d
100 _aRamani, R.V.
245 _aProblems of technology generation, absorption and utilisation
260 _c1990
300 _a432-5
362 _aSept.
650 _aTechnology
773 _aBulletin Madras Development Seminar Series
909 _a19781
999 _c19781
_d19781